Organisationsplan der Kommission der Europäischen Gemeinschaften Mai 1984
Salvato in:
| Natura: | Libro |
|---|---|
| Lingua: | tedesco |
| Pubblicazione: |
Brüssel
Kommission der Europäischen Gemeinschaften
1984
|
| Tags: |
Nessun Tag, puoi essere il primo ad aggiungerne!!
|
MARC
| LEADER | 00000nam a2200000 4500 | ||
|---|---|---|---|
| 001 | c116850 | ||
| 005 | 20060608110401.5 | ||
| 041 | 0 | |a ger | |
| 044 | |a BE | ||
| 245 | 1 | 0 | |a Organisationsplan der Kommission der Europäischen Gemeinschaften |b Mai 1984 |
| 264 | 1 | |a Brüssel |b Kommission der Europäischen Gemeinschaften |c 1984 | |
| 300 | |a 109 s. | ||